| 000 | 00472nam a2200181Ia 4500 | ||
|---|---|---|---|
| 008 | 230917s9999||||xx |||||||||||||| ||und|| | ||
| 020 | _cRS1650 | ||
| 040 |
_e241392 _aMAIN |
||
| 041 | _aEnglish | ||
| 082 | _a570 B93B(2) | ||
| 100 | _aBurn, J H | ||
| 245 | 0 | _aBiological standardization | |
| 250 | _a2nd ed. | ||
| 260 |
_aOxford _bOxford University Press _c2011 |
||
| 300 | _aix, 439 p. | ||
| 500 | _a2800 27/07/2017 RBP17/66908 21/08/2017 Main Budget | ||
| 942 | _cBK | ||
| 999 |
_c23366 _d23366 |
||